书目信息 |
| 题名: |
爱难猜
|
|
| 作者: | 乐嘉 著 | |
| 分册: | ||
| 出版信息: | 杭州 浙江文艺出版社 2013.06 |
|
| 页数: | 201页 | |
| 开本: | 22cm | |
| 丛书名: | ||
| 单 册: | ||
| 中图分类: | B848.6 | |
| 科图分类: | ||
| 主题词: | 性格--通俗读物 , 性格 | |
| 电子资源: | ||
| ISBN: | 978-7-5339-3728-7 | |
| 000 | 00885nam0 2200265 450 | |
| 001 | 006119146 | |
| 005 | 20140609081500.43 | |
| 010 | @a978-7-5339-3728-7@b精装@dCNY36.00 | |
| 100 | @a20130724d2013 em y0chiy0110 ea | |
| 101 | 0 | @achi |
| 102 | @aCN@b330000 | |
| 105 | @ay z 000yy | |
| 106 | @ar | |
| 200 | 1 | @a爱难猜@9ai nan cai@e性格色彩情感随笔@f乐嘉著 |
| 210 | @a杭州@c浙江文艺出版社@d2013.06 | |
| 215 | @a201页@d22cm | |
| 330 | @a本书透过性格色彩,剖析爱的误解与困惑,探清更深邃的人心与人性。内容包括:24小时监控你的男人、如何面对父母棒打鸳鸯、偷看手机的女人、有一种约定无须记怀、谁能我和一起老死丽江等。 | |
| 333 | @a一般读者 | |
| 517 | 1 | @a性格色彩情感随笔@9xing ge se cai qing gan sui bi |
| 606 | 0 | @a性格@j通俗读物 |
| 606 | 0 | @a性格 |
| 690 | @aB848.6@v5 | |
| 701 | 0 | @a乐嘉@9le jia@4著 |
| 801 | 0 | @aCN@b人天书店@c20130724 |
| 905 | @b548502-05@dB848.6@e1207@f4 | |
| 爱难猜:性格色彩情感随笔/乐嘉著.-杭州:浙江文艺出版社,2013.06 |
| 201页;22cm |
| 使用对象:一般读者 |
| ISBN 978-7-5339-3728-7(精装):CNY36.00 |
| 本书透过性格色彩,剖析爱的误解与困惑,探清更深邃的人心与人性。内容包括:24小时监控你的男人、如何面对父母棒打鸳鸯、偷看手机的女人、有一种约定无须记怀、谁能我和一起老死丽江等。 |
| ● |
| 相关链接 |
|
|
|
|
正题名:爱难猜
索取号:B848.6/1207
 
预约/预借
| 序号 | 登录号 | 条形码 | 馆藏地/架位号 | 状态 | 备注 |
| 1 | 548502 | 205485027 | 第一样本阅览室/ [索取号:B848.6/1207] | 在馆 | |
| 2 | 548503 | 205485036 | 第一借阅区/ [索取号:B848.6/1207] | 在馆 | |
| 3 | 548504 | 205485045 | 第一借阅区/ [索取号:B848.6/1207] | 在馆 | |
| 4 | 548505 | 205485054 | 第一借阅区/ [索取号:B848.6/1207] | 在馆 |